| 000 | 00660cam a22002413a 4500 | ||
|---|---|---|---|
| 001 | 13908 | ||
| 003 | PGUSA | ||
| 005 | 20140828083310.0 | ||
| 008 | 041031s2004||||xxu|||||s|||||000 p eng d | ||
| 040 |
_aPGUSA _beng |
||
| 042 | _adc | ||
| 050 | 4 | _aPS | |
| 100 | 1 |
_aRiley, James Whitcomb, _d1849-1916 |
|
| 245 | 1 | 0 |
_aPipes O'Pan at Zekesbury _h[electronic resource] / _cJames Whitcomb Riley |
| 260 |
_bProject Gutenberg, _c2004 |
||
| 506 | _aPublic domain in the USA. | ||
| 516 | _aElectronic text | ||
| 653 | _aShort stories | ||
| 653 | _aPoetry | ||
| 830 | 0 |
_aProject Gutenberg _v13908 |
|
| 856 | 4 | 0 | _uhttp://www.gutenberg.org/ebooks/13908 |
| 942 | _cEB | ||
| 999 |
_c243163 _d243163 |
||